[Event "DEN-ch"]
[Site "Denmark"]
[Date "1988.??.??"]
[Round "3"]
[White "Berg, Klaus"]
[Black "Brinck Claussen, Bjorn"]
[Result "1/2-1/2"]
[WhiteElo "2370"]
[BlackElo "2370"]
[PlyCount "24"]
[EventDate "1988.??.??"]
[EventType "tourn"]
[EventRounds "11"]
[EventCountry "DEN"]
[EventCategory "5"]
[Source "ChessBase"]
[SourceDate "1996.11.15"]

1. d4 Nf6 2. c4 c5 3. e3 g6 4. Nc3 Bg7 5. Nf3 O-O 6. Be2 cxd4 7. exd4 d5 8. O-O
Nc6 9. Re1 Bg4 10. cxd5 Nxd5 11. h3 Bxf3 12. Bxf3 e6 1/2-1/2

[Event "DEN-ch"]
[Site "Denmark"]
[Date "1988.??.??"]
[Round "11"]
[White "Berg, Klaus"]
[Black "Hoi, Carsten"]
[Result "1/2-1/2"]
[WhiteElo "2370"]
[BlackElo "2405"]
[PlyCount "109"]
[EventDate "1988.??.??"]
[EventType "tourn"]
[EventRounds "11"]
[EventCountry "DEN"]
[EventCategory "5"]
[Source "ChessBase"]
[SourceDate "1996.11.15"]

1. e4 e6 2. d4 d5 3. exd5 exd5 4. Nf3 Nf6 5. Bd3 Be7 6. O-O Bg4 7. Nbd2 O-O 8.
Re1 Nbd7 9. Nf1 Re8 10. Ne3 Nf8 11. Nxg4 Nxg4 12. h3 Nf6 13. Bf4 Ng6 14. Be5
Bd6 15. Bxg6 hxg6 16. Qd3 c6 17. Re2 Ne4 18. Rae1 Bxe5 19. Nxe5 Qc7 20. c3 Re6
21. Re3 Rae8 22. Qc2 Nd6 23. Ng4 Qc8 24. Rxe6 Rxe6 25. Rxe6 Qxe6 26. Ne3 g5 27.
Qa4 a6 28. Qa5 Qe7 29. Qc5 g6 30. b3 Qf6 31. f3 Qe6 32. Kf2 Qf6 33. Ke2 Nf5 34.
Nxf5 Qxf5 35. Qb6 Qc2+ 36. Kf1 Qxc3 37. Qxb7 Qa1+ 38. Ke2 Qxa2+ 39. Ke3 Qc2 40.
Qb8+ Kh7 41. Qb6 a5 42. Qxa5 Qxb3+ 43. Ke2 Qc2+ 44. Qd2 Qc4+ 45. Qd3 Qc1 46.
Qd2 Qg1 47. Kd3 Qb1+ 48. Ke2 Qf5 49. Qc3 Qe6+ 50. Kf2 f5 51. Qa3 f4 52. Qa7+
Kh6 53. Kg1 Qf6 54. Kh2 Qe6 55. Kg1 1/2-1/2

[Event "DEN-ch"]
[Site "Denmark"]
[Date "1988.??.??"]
[Round "1"]
[White "Berg, Klaus"]
[Black "Kristiansen, Jens"]
[Result "1/2-1/2"]
[WhiteElo "2370"]
[BlackElo "2435"]
[PlyCount "79"]
[EventDate "1988.??.??"]
[EventType "tourn"]
[EventRounds "11"]
[EventCountry "DEN"]
[EventCategory "5"]
[Source "ChessBase"]
[SourceDate "1996.11.15"]

1. e4 e5 2. Nc3 Bc5 3. Bc4 d6 4. d3 Nf6 5. Be3 Bb6 6. Qd2 O-O 7. Nge2 c6 8. Bb3
Nbd7 9. Bxb6 Qxb6 10. O-O Nc5 11. Ng3 a5 12. Rab1 Qa7 13. a3 Nxb3 14. cxb3 Qb6
15. Kh1 Qxb3 16. f4 Ne8 17. f5 f6 18. Rf3 Qb6 19. Nh5 d5 20. g4 Qd8 21. Rg1
dxe4 22. Nxe4 Nd6 23. Qg2 Nxe4 24. dxe4 h6 25. h4 Qe8 26. Nxg7 Kxg7 27. g5 hxg5
28. hxg5 Rh8+ 29. Rh3 Bxf5 30. gxf6+ Kxf6 31. Qg7+ Ke6 32. exf5+ Kxf5 33. Qg4+
Kf6 34. Rf1+ Ke7 35. Qg7+ Kd6 36. Rd1+ Kc5 37. b4+ Kb6 38. Qg1+ Kc7 39. Qg7+
Kb6 40. Qg1+ 1/2-1/2

[Event "DEN-ch"]
[Site "Denmark"]
[Date "1988.??.??"]
[Round "7"]
[White "Berg, Klaus"]
[Black "Fries Nielsen, Jens Ove"]
[Result "1/2-1/2"]
[WhiteElo "2370"]
[BlackElo "2370"]
[PlyCount "22"]
[EventDate "1988.??.??"]
[EventType "tourn"]
[EventRounds "11"]
[EventCountry "DEN"]
[EventCategory "5"]
[Source "ChessBase"]
[SourceDate "1996.11.15"]

1. d4 d5 2. c4 e6 3. Nf3 Nf6 4. g3 dxc4 5. Qa4+ Nbd7 6. Bg2 a6 7. Qxc4 b5 8.
Qc2 Bb7 9. Bg5 c5 10. dxc5 Bxc5 11. O-O Rc8 1/2-1/2

[Event "DEN-ch"]
[Site "Denmark"]
[Date "1988.??.??"]
[Round "10"]
[White "Bjerring, Kai"]
[Black "Sorensen, Torben N"]
[Result "0-1"]
[WhiteElo "2305"]
[BlackElo "2360"]
[PlyCount "64"]
[EventDate "1988.??.??"]
[EventType "tourn"]
[EventRounds "11"]
[EventCountry "DEN"]
[EventCategory "5"]
[Source "ChessBase"]
[SourceDate "1996.11.15"]

1. e4 e5 2. Nf3 Nc6 3. d4 exd4 4. Nxd4 Bc5 5. Nxc6 Qf6 6. f4 Qxc6 7. Nc3 Nf6 8.
Bb5 Qe6 9. Qf3 O-O 10. f5 Qb6 11. Bd3 d5 12. exd5 Re8+ 13. Kd1 Bd7 14. Bd2 Bd4
15. Kc1 c6 16. a4 cxd5 17. Ra3 Ne4 18. a5 Qb4 19. Bxe4 dxe4 20. Qe2 e3 21. Be1
Re5 22. Rb3 Qxa5 23. Kb1 Qc5 24. Rxb7 Bc6 25. Rb3 a5 26. f6 a4 27. Ra3 Rb8 28.
Kc1 Qb4 29. Ra2 Rc5 30. Nd5 Qb3 31. Ne7+ Kh8 32. fxg7+ Bxg7 {time} 0-1

[Event "DEN-ch"]
[Site "Denmark"]
[Date "1988.??.??"]
[Round "6"]
[White "Bjerring, Kai"]
[Black "Berg, Klaus"]
[Result "1/2-1/2"]
[WhiteElo "2305"]
[BlackElo "2370"]
[PlyCount "31"]
[EventDate "1988.??.??"]
[EventType "tourn"]
[EventRounds "11"]
[EventCountry "DEN"]
[EventCategory "5"]
[Source "ChessBase"]
[SourceDate "1996.11.15"]

1. e4 c6 2. d4 d5 3. Nd2 dxe4 4. Nxe4 Bf5 5. Ng3 Bg6 6. h4 h6 7. Nf3 Nd7 8. h5
Bh7 9. Bd3 Bxd3 10. Qxd3 e6 11. Bf4 Qa5+ 12. Bd2 Qc7 13. Rh4 Ngf6 14. Bf4 Bd6
15. Bxd6 Qxd6 16. O-O-O 1/2-1/2

[Event "DEN-ch"]
[Site "Denmark"]
[Date "1988.??.??"]
[Round "8"]
[White "Bjerring, Kai"]
[Black "Jelling, Erik"]
[Result "1/2-1/2"]
[WhiteElo "2305"]
[BlackElo "2350"]
[PlyCount "57"]
[EventDate "1988.??.??"]
[EventType "tourn"]
[EventRounds "11"]
[EventCountry "DEN"]
[EventCategory "5"]
[Source "ChessBase"]
[SourceDate "1996.11.15"]

1. e4 c6 2. d4 d5 3. Nd2 dxe4 4. Nxe4 Nf6 5. Nxf6+ gxf6 6. c3 Bf5 7. Nf3 Nd7 8.
g3 e6 9. Bg2 Bd6 10. O-O Qc7 11. Qe2 O-O-O 12. Nh4 Bg6 13. f4 f5 14. b4 Be7 15.
Nf3 Bh5 16. c4 Bxb4 17. Rb1 Ba5 18. Be3 Nf6 19. Rb3 Rhe8 20. Rfb1 Re7 21. Kh1
Ne4 22. Qb2 f6 23. Qa3 b6 24. Qb2 Bf7 25. Ra3 Kd7 26. Qc2 Ke8 27. Nh4 Nd6 28.
c5 Nb5 29. cxb6 1/2-1/2

[Event "DEN-ch"]
[Site "Denmark"]
[Date "1988.??.??"]
[Round "2"]
[White "Bjerring, Kai"]
[Black "Fries Nielsen, Jens Ove"]
[Result "1/2-1/2"]
[WhiteElo "2305"]
[BlackElo "2370"]
[PlyCount "45"]
[EventDate "1988.??.??"]
[EventType "tourn"]
[EventRounds "11"]
[EventCountry "DEN"]
[EventCategory "5"]
[Source "ChessBase"]
[SourceDate "1996.11.15"]

1. e4 e6 2. d4 d5 3. Nc3 Nf6 4. e5 Ne4 5. Nce2 f6 6. f3 Ng5 7. Bxg5 fxg5 8. f4
c5 9. fxg5 Qxg5 10. Nf3 Qe3 11. Qd3 cxd4 12. Nfxd4 Qxe5 13. O-O-O Be7 14. g3
O-O 15. Bh3 Na6 16. Nf4 Nc5 17. Qa3 Qg5 18. Kb1 Ne4 19. Bxe6+ Bxe6 20. Ndxe6
Bxa3 21. Nxg5 Nxg5 22. bxa3 Ne4 23. Rd4 1/2-1/2

[Event "DEN-ch"]
[Site "Denmark"]
[Date "1988.??.??"]
[Round "2"]
[White "Brinck Claussen, Bjorn"]
[Black "Sahl, Bjarke"]
[Result "1/2-1/2"]
[WhiteElo "2370"]
[BlackElo "2300"]
[PlyCount "43"]
[EventDate "1988.??.??"]
[EventType "tourn"]
[EventRounds "11"]
[EventCountry "DEN"]
[EventCategory "5"]
[Source "ChessBase"]
[SourceDate "1996.11.15"]

1. d4 d5 2. c4 c6 3. Nf3 Nf6 4. Nc3 dxc4 5. a4 Bg4 6. Ne5 Bh5 7. f3 Nd5 8. e4
Nb4 9. Be3 f6 10. Nxc4 Bf7 11. a5 e6 12. Qa4 Be7 13. Be2 O-O 14. O-O N8a6 15.
Na2 Rb8 16. Rfd1 b5 17. axb6 axb6 18. Nxb4 Nxb4 19. Qb3 Qc7 20. Qc3 Rfc8 21.
Bf2 c5 22. Bg3 1/2-1/2

[Event "DEN-ch"]
[Site "Denmark"]
[Date "1988.??.??"]
[Round "11"]
[White "Brinck Claussen, Bjorn"]
[Black "Hansen, Lars Bo"]
[Result "1/2-1/2"]
[WhiteElo "2370"]
[BlackElo "2365"]
[PlyCount "144"]
[EventDate "1988.??.??"]
[EventType "tourn"]
[EventRounds "11"]
[EventCountry "DEN"]
[EventCategory "5"]
[Source "ChessBase"]
[SourceDate "1996.11.15"]

1. d4 Nf6 2. c4 c5 3. d5 b5 4. cxb5 a6 5. bxa6 g6 6. Nc3 Bxa6 7. Nf3 d6 8. g3
Bg7 9. Bg2 Nbd7 10. O-O Nb6 11. Bf4 O-O 12. b3 Ne8 13. Rc1 Nc7 14. Nh4 Qd7 15.
Qd2 Bb7 16. e4 Ra3 17. Bh6 Rfa8 18. Bxg7 Kxg7 19. Qb2 R3a6 20. a4 Kg8 21. Rfe1
Rb8 22. Bf1 Raa8 23. Ra1 Ba6 24. Bg2 Nc4 25. Qc2 Na5 26. Rab1 Ra7 27. e5 dxe5
28. Ne4 Nb7 29. Rbd1 Ne8 30. Qc3 f6 31. b4 cxb4 32. Qxb4 Raa8 33. Qd2 Ned6 34.
Qh6 Nf7 35. Qd2 Nfd6 36. Qh6 Nf7 37. Qd2 Kg7 38. Rc1 Nfd6 39. Rc6 Nxe4 40. Bxe4
Nd6 41. Bc2 Bb7 42. Rc5 Rc8 43. Rxc8 Rxc8 44. Bb3 Qc7 45. g4 Qc5 46. Ng2 Qa3
47. Qe3 Qb4 48. Rb1 Bxd5 49. Ba2 Qa5 50. Bxd5 Qxd5 51. Qa7 Kf7 52. Ne3 Qc6 53.
Rb8 Rxb8 54. Qxb8 Qxa4 55. Qh8 Qe4 56. Qxh7+ Ke6 57. h4 Kd7 58. Qg8 Qb1+ 59.
Kh2 Qe4 60. Qa2 Qf4+ 61. Kg2 Qe4+ 62. Kg1 Ne8 63. Qg8 Nc7 64. h5 gxh5 65. gxh5
Ne6 66. h6 Ng5 67. Qa2 Nh3+ 68. Kh2 Nf4 69. Qb3 Qf3 70. Qb5+ Kd8 71. Qb8+ Kd7
72. Qb5+ Kd8 1/2-1/2

[Event "DEN-ch"]
[Site "Denmark"]
[Date "1988.??.??"]
[Round "4"]
[White "Brinck Claussen, Bjorn"]
[Black "Kristiansen, Jens"]
[Result "1-0"]
[WhiteElo "2370"]
[BlackElo "2435"]
[PlyCount "55"]
[EventDate "1988.??.??"]
[EventType "tourn"]
[EventRounds "11"]
[EventCountry "DEN"]
[EventCategory "5"]
[Source "ChessBase"]
[SourceDate "1996.11.15"]

1. e4 d6 2. d4 Nf6 3. Nc3 g6 4. Nf3 Bg7 5. Be2 O-O 6. O-O c6 7. a4 Na6 8. h3
Nc7 9. Be3 d5 10. e5 Nfe8 11. Qd2 f5 12. Bd3 Ne6 13. Ne2 N8c7 14. Nh4 Rf7 15.
f4 Bf8 16. g4 Ng7 17. Ng3 Be6 18. Kh2 Qd7 19. Nf3 fxg4 20. Ng5 Nf5 21. Nxf7
Kxf7 22. hxg4 Nxg3 23. Kxg3 Bxg4 24. Qh2 Kg7 25. f5 gxf5 26. Rf4 h5 27. Rxg4+
hxg4 28. Rh1 1-0

[Event "DEN-ch"]
[Site "Denmark"]
[Date "1988.??.??"]
[Round "7"]
[White "Brinck Claussen, Bjorn"]
[Black "Sorensen, Torben N"]
[Result "1/2-1/2"]
[WhiteElo "2370"]
[BlackElo "2360"]
[PlyCount "28"]
[EventDate "1988.??.??"]
[EventType "tourn"]
[EventRounds "11"]
[EventCountry "DEN"]
[EventCategory "5"]
[Source "ChessBase"]
[SourceDate "1996.11.15"]

1. d4 d5 2. c4 e6 3. Nc3 c5 4. cxd5 exd5 5. Nf3 Nc6 6. g3 Nf6 7. Bg2 Be7 8. O-O
O-O 9. Bg5 c4 10. Ne5 Be6 11. Nxc6 bxc6 12. b3 Qa5 13. Na4 Rfd8 14. Qc2 Rac8
1/2-1/2

[Event "DEN-ch"]
[Site "Denmark"]
[Date "1988.??.??"]
[Round "9"]
[White "Brinck Claussen, Bjorn"]
[Black "Bjerring, Kai"]
[Result "1/2-1/2"]
[WhiteElo "2370"]
[BlackElo "2305"]
[PlyCount "33"]
[EventDate "1988.??.??"]
[EventType "tourn"]
[EventRounds "11"]
[EventCountry "DEN"]
[EventCategory "5"]
[Source "ChessBase"]
[SourceDate "1996.11.15"]

1. d4 Nf6 2. c4 e6 3. Nc3 d5 4. Bg5 Be7 5. e3 Nbd7 6. Nf3 O-O 7. Rc1 c6 8. Bd3
dxc4 9. Bxc4 Qa5 10. O-O e5 11. a3 exd4 12. Qxd4 h6 13. Bf4 Nb6 14. Ba2 Rd8 15.
Qe5 Qxe5 16. Nxe5 Nbd5 17. Nxd5 1/2-1/2

[Event "DEN-ch"]
[Site "Denmark"]
[Date "1988.??.??"]
[Round "6"]
[White "Danielsen, Henrik"]
[Black "Kristiansen, Jens"]
[Result "1/2-1/2"]
[WhiteElo "2400"]
[BlackElo "2435"]
[PlyCount "83"]
[EventDate "1988.??.??"]
[EventType "tourn"]
[EventRounds "11"]
[EventCountry "DEN"]
[EventCategory "5"]
[Source "ChessBase"]
[SourceDate "1996.11.15"]

1. d4 f5 2. g3 Nf6 3. Bg2 e6 4. Nf3 d5 5. O-O Bd6 6. c4 c6 7. Nc3 O-O 8. Bg5
Nbd7 9. Qc2 h6 10. Bxf6 Qxf6 11. cxd5 exd5 12. e3 Rf7 13. a3 a5 14. b4 Nb6 15.
Na4 Nxa4 16. Qxa4 g5 17. b5 Bd7 18. bxc6 bxc6 19. Rfe1 f4 20. exf4 gxf4 21. Qc2
Raf8 22. Qc3 Qg6 23. Ra2 Qh5 24. Ne5 Bxe5 25. Rxe5 Qg4 26. Rb2 fxg3 27. hxg3 h5
28. Qe3 Rg7 29. Re7 Rxe7 30. Qxe7 Qxd4 31. Rb7 Rxf2 32. Qg5+ Kh8 33. Qxh5+ Kg8
34. Qg5+ Kh8 35. Kh2 Rxg2+ 36. Kxg2 Qe4+ 37. Kf2 Qc2+ 38. Ke1 Qc3+ 39. Kd1 Qd3+
40. Ke1 Qc3+ 41. Kf2 Qc2+ 42. Ke1 1/2-1/2

[Event "DEN-ch"]
[Site "Denmark"]
[Date "1988.??.??"]
[Round "11"]
[White "Danielsen, Henrik"]
[Black "Bjerring, Kai"]
[Result "1/2-1/2"]
[WhiteElo "2400"]
[BlackElo "2305"]
[PlyCount "54"]
[EventDate "1988.??.??"]
[EventType "tourn"]
[EventRounds "11"]
[EventCountry "DEN"]
[EventCategory "5"]
[Source "ChessBase"]
[SourceDate "1996.11.15"]

1. Nf3 c5 2. c4 Nc6 3. d4 cxd4 4. Nxd4 g6 5. e4 Bg7 6. Be3 Nf6 7. Nc3 O-O 8.
Be2 d6 9. O-O Bd7 10. Qd2 Nxd4 11. Bxd4 Bc6 12. f3 Nd7 13. Be3 a5 14. b3 Nc5
15. Rab1 Qb6 16. Kh1 Qb4 17. Rfc1 Rfc8 18. Qb2 Qb6 19. Rc2 Qd8 20. Qc1 Qf8 21.
Qd2 f5 22. exf5 Qxf5 23. Rbc1 Rf8 24. Nb5 Ne6 25. Bf1 Qh5 26. Qf2 Be5 27. Qg1
g5 1/2-1/2

[Event "DEN-ch"]
[Site "Denmark"]
[Date "1988.??.??"]
[Round "4"]
[White "Danielsen, Henrik"]
[Black "Sahl, Bjarke"]
[Result "1/2-1/2"]
[WhiteElo "2400"]
[BlackElo "2300"]
[PlyCount "114"]
[EventDate "1988.??.??"]
[EventType "tourn"]
[EventRounds "11"]
[EventCountry "DEN"]
[EventCategory "5"]
[Source "ChessBase"]
[SourceDate "1996.11.15"]

1. d4 d5 2. c4 c6 3. Nc3 Nf6 4. e3 g6 5. Nf3 Bg7 6. Be2 O-O 7. O-O Nbd7 8. cxd5
Nxd5 9. Nxd5 cxd5 10. Qb3 Nb8 11. Ne5 Nc6 12. Nxc6 bxc6 13. Bd2 Re8 14. Rac1
Bd7 15. Rfd1 h5 16. Qa3 e6 17. Bb4 h4 18. Bd6 h3 19. g3 e5 20. dxe5 Bxe5 21.
Bxe5 Rxe5 22. Rd4 Qf6 23. Qc3 Rf5 24. f4 Qe7 25. Kf2 Re8 26. Qa3 Qxa3 27. bxa3
Rf6 28. Ra4 Rfe6 29. Bg4 f5 30. Bxh3 Rxe3 31. Bf1 a5 32. Rxa5 d4 33. Rd1 Be6
34. Rxd4 Bd5 35. Rd3 Re1 36. Rc5 Ra1 37. Rd2 Ra8 38. Rc3 Kg7 39. Bg2 Ra5 40.
Rb2 Bxa2 41. Bxc6 Bd5 42. Bxd5 Rxd5 43. Rc7+ Kh6 44. Kg2 Rd8 45. Ra7 Rh8 46.
Rd2 Kh5 47. Ra6 Rf8 48. Rd5 Ra2+ 49. Kh3 Rc8 50. Rd7 Kh6 51. Raa7 Rh8 52. Rf7
Rb2 53. Rf6 Rg8 54. a4 Ra2 55. a5 Rc8 56. Raa6 Kh5 57. Rxg6 Rxh2+ 1/2-1/2

[Event "DEN-ch"]
[Site "Denmark"]
[Date "1988.??.??"]
[Round "1"]
[White "Fries Nielsen, Jens Ove"]
[Black "Danielsen, Henrik"]
[Result "1-0"]
[WhiteElo "2370"]
[BlackElo "2400"]
[PlyCount "83"]
[EventDate "1988.??.??"]
[EventType "tourn"]
[EventRounds "11"]
[EventCountry "DEN"]
[EventCategory "5"]
[Source "ChessBase"]
[SourceDate "1996.11.15"]

1. e4 c5 2. Nf3 Nc6 3. d4 cxd4 4. Nxd4 g6 5. Nc3 Bg7 6. Be3 Nf6 7. Bc4 O-O 8.
O-O d6 9. h3 Bd7 10. Bb3 Nxd4 11. Bxd4 b5 12. a4 bxa4 13. Bxa4 e6 14. Qd3 Qc7
15. Bxd7 Qxd7 16. Ra6 Rfb8 17. Rfa1 Rb7 18. b3 Ne8 19. Bxg7 Kxg7 20. R1a5 Rc8
21. Nb5 Rc5 22. Nxd6 Rxa5 23. Nxe8+ Qxe8 24. Rxa5 Qe7 25. Qc3+ f6 26. e5 f5 27.
Rc5 Rd7 28. Kh2 h5 29. Rc6 h4 30. Rd6 Rc7 31. Rxe6 Rxc3 32. Rxe7+ Kh6 33. Rxa7
Rxc2 34. f4 g5 35. fxg5+ Kxg5 36. e6 Re2 37. e7 f4 38. Kg1 f3 39. gxf3 Kf4 40.
Kf1 Kxf3 41. b4 Re6 42. b5 1-0

[Event "DEN-ch"]
[Site "Denmark"]
[Date "1988.??.??"]
[Round "6"]
[White "Fries Nielsen, Jens Ove"]
[Black "Sahl, Bjarke"]
[Result "1-0"]
[WhiteElo "2370"]
[BlackElo "2300"]
[PlyCount "77"]
[EventDate "1988.??.??"]
[EventType "tourn"]
[EventRounds "11"]
[EventCountry "DEN"]
[EventCategory "5"]
[Source "ChessBase"]
[SourceDate "1996.11.15"]

1. e4 c6 2. d3 d5 3. Nd2 e5 4. Ngf3 Bd6 5. g3 Nf6 6. Bg2 O-O 7. O-O Re8 8. Re1
h6 9. h3 Nbd7 10. c3 a5 11. a4 Nc5 12. Qc2 Qb6 13. exd5 Bf5 14. Ne4 cxd5 15.
Nxf6+ gxf6 16. Nh4 Bxd3 17. Qd1 Bf8 18. Qg4+ Kh7 19. Bxd5 Bg6 20. Be3 f5 21.
Qc4 Qf6 22. Nxg6 fxg6 23. Bxc5 Rac8 24. b4 b6 25. Qa6 Bxc5 26. bxc5 Rxc5 27. c4
f4 28. Rab1 fxg3 29. fxg3 Qg5 30. Rb3 Rf8 31. Rbe3 Rc7 32. Qxb6 Rg7 33. Qb2 e4
34. h4 Qg4 35. Qe2 Qh3 36. Qg2 Qd7 37. Qxe4 Qa7 38. Kg2 Rb8 39. R1e2 1-0

[Event "DEN-ch"]
[Site "Denmark"]
[Date "1988.??.??"]
[Round "10"]
[White "Fries Nielsen, Jens Ove"]
[Black "Brinck Claussen, Bjorn"]
[Result "0-1"]
[WhiteElo "2370"]
[BlackElo "2370"]
[PlyCount "76"]
[EventDate "1988.??.??"]
[EventType "tourn"]
[EventRounds "11"]
[EventCountry "DEN"]
[EventCategory "5"]
[Source "ChessBase"]
[SourceDate "1996.11.15"]

1. b3 d5 2. Bb2 Bg4 3. g3 e6 4. Bg2 Nf6 5. Nf3 Nbd7 6. O-O Be7 7. d3 O-O 8.
Nbd2 c6 9. Qb1 a5 10. a3 h6 11. Re1 Nh7 12. h3 Bxf3 13. Nxf3 Qb6 14. e4 Rae8
15. Qd1 Ng5 16. Nh2 f5 17. exf5 Bd6 18. Nf1 exf5 19. Rxe8 Rxe8 20. Qh5 Re7 21.
h4 Nh7 22. Qg6 Bc5 23. Qxf5 Rf7 24. Qg4 Bxf2+ 25. Kh1 Qc7 26. Bh3 Nhf8 27. Rd1
Qd6 28. Rd2 Nf6 29. Qf4 Qxf4 30. gxf4 Bxh4 31. Rg2 Nh5 32. Rg4 Bf6 33. Bc1 Bc3
34. Rh4 Nf6 35. Bc8 Rc7 36. Bf5 Re7 37. Bd2 Bxd2 38. Nxd2 Re1+ 0-1

[Event "DEN-ch"]
[Site "Denmark"]
[Date "1988.??.??"]
[Round "4"]
[White "Fries Nielsen, Jens Ove"]
[Black "Hansen, Lars Bo"]
[Result "1/2-1/2"]
[WhiteElo "2370"]
[BlackElo "2365"]
[PlyCount "24"]
[EventDate "1988.??.??"]
[EventType "tourn"]
[EventRounds "11"]
[EventCountry "DEN"]
[EventCategory "5"]
[Source "ChessBase"]
[SourceDate "1996.11.15"]

1. e4 c6 2. d4 d5 3. Nc3 dxe4 4. Nxe4 Nf6 5. Nxf6+ exf6 6. c3 Bd6 7. Bd3 O-O 8.
Ne2 Re8 9. Qc2 Kh8 10. Be3 Nd7 11. O-O Nf8 12. Nf4 Qc7 1/2-1/2

[Event "DEN-ch"]
[Site "Denmark"]
[Date "1988.??.??"]
[Round "3"]
[White "Fries Nielsen, Jens Ove"]
[Black "Hoi, Carsten"]
[Result "0-1"]
[WhiteElo "2370"]
[BlackElo "2405"]
[PlyCount "62"]
[EventDate "1988.??.??"]
[EventType "tourn"]
[EventRounds "11"]
[EventCountry "DEN"]
[EventCategory "5"]
[Source "ChessBase"]
[SourceDate "1996.11.15"]

1. e4 e6 2. d3 c5 3. Nf3 Nc6 4. g3 d5 5. Nbd2 g6 6. Bg2 Bg7 7. O-O Nge7 8. Re1
O-O 9. e5 Qc7 10. Qe2 b5 11. h4 h5 12. Nf1 Bb7 13. N1h2 Nf5 14. c3 d4 15. g4
hxg4 16. Nxg4 dxc3 17. bxc3 b4 18. c4 Ncd4 19. Nxd4 Nxd4 20. Qd1 Bxg2 21. Kxg2
f5 22. exf6 Bxf6 23. Re4 Bg7 24. Bh6 Bxh6 25. Nxh6+ Kg7 26. Ng4 Rf4 27. Qd2
Raf8 28. Rae1 Nf3 29. Qb2+ Kh7 30. R1e3 Rxg4+ 31. Rxg4 Qh2+ 0-1

[Event "DEN-ch"]
[Site "Denmark"]
[Date "1988.??.??"]
[Round "10"]
[White "Hansen, Lars Bo"]
[Black "Jelling, Erik"]
[Result "1/2-1/2"]
[WhiteElo "2365"]
[BlackElo "2350"]
[PlyCount "125"]
[EventDate "1988.??.??"]
[EventType "tourn"]
[EventRounds "11"]
[EventCountry "DEN"]
[EventCategory "5"]
[Source "ChessBase"]
[SourceDate "1996.11.15"]

1. d4 d5 2. Bg5 h6 3. Bh4 c6 4. e3 Qb6 5. Qc1 Bf5 6. Nf3 e6 7. c4 Nd7 8. Nc3
Ngf6 9. c5 Qd8 10. Be2 Be7 11. b4 g5 12. Bg3 Nh5 13. Qd1 Nxg3 14. hxg3 Kf8 15.
Bd3 Bxd3 16. Qxd3 f5 17. b5 Kg7 18. Rb1 Qc7 19. bxc6 bxc6 20. Nd2 Rhb8 21. Nb3
Rb4 22. Ke2 Nf6 23. a3 Rb7 24. Nd2 Rab8 25. Na2 Rxb1 26. Rxb1 Rxb1 27. Qxb1 Nd7
28. Nb4 Bf6 29. Qd3 e5 30. dxe5 Nxe5 31. Qxf5 Qa5 32. f4 Qb5+ 33. Kf2 Ng6 34.
Qc2 d4 35. Ne4 dxe3+ 36. Kxe3 Ne7 37. Nd6 Qa5 38. Qc4 Qxa3+ 39. Ke4 Kh8 40. Nc2
Qb2 41. Ne3 gxf4 42. gxf4 Nd5 43. Nxd5 Qb1+ 44. Kf3 Qd1+ 45. Kg3 cxd5 46. Qb5
Qe1+ 47. Kg4 Qe6+ 48. Kf3 Bd4 49. Qb8+ Kg7 50. c6 h5 51. Qc7+ Kh6 52. Nf7+ Kg6
53. Ne5+ Bxe5 54. Qxe5 Qxc6 55. Qg5+ Kf7 56. Qxh5+ Kg8 57. Qg5+ Kf7 58. Qf5+
Kg8 59. Qe5 d4+ 60. Qe4 Qc3+ 61. Kg4 d3 62. Kf3 Qc2 63. Qe8+ 1/2-1/2

[Event "DEN-ch"]
[Site "Denmark"]
[Date "1988.??.??"]
[Round "8"]
[White "Hansen, Lars Bo"]
[Black "Berg, Klaus"]
[Result "1-0"]
[WhiteElo "2365"]
[BlackElo "2370"]
[PlyCount "83"]
[EventDate "1988.??.??"]
[EventType "tourn"]
[EventRounds "11"]
[EventCountry "DEN"]
[EventCategory "5"]
[Source "ChessBase"]
[SourceDate "1996.11.15"]

1. d4 Nf6 2. Nf3 g6 3. g3 Bg7 4. Bg2 O-O 5. O-O c5 6. b3 cxd4 7. Bb2 d5 8. Nxd4
e5 9. Nf3 e4 10. Nd4 Nc6 11. Na3 e3 12. f3 Nxd4 13. Bxd4 Qa5 14. Qc1 Bf5 15. c4
Rfe8 16. Qb2 Qd2 17. Rad1 Qxb2 18. Bxb2 Rad8 19. Nb5 dxc4 20. Nd6 Nd5 21. Nxe8
Bxb2 22. Nc7 cxb3 23. axb3 Nxc7 24. Rxd8+ Kg7 25. f4 Ne6 26. Rb8 Nd4 27. Bf3 b6
28. Rb7 Nxf3+ 29. Rxf3 Be6 30. Rf1 Bxb3 31. Rb1 Bd5 32. Rxa7 Bc3 33. Rxb6 Be1
34. Ra3 Bf2+ 35. Kf1 h5 36. Rbb3 Bxb3 37. Rxb3 Kf6 38. Kg2 h4 39. g4 Kg7 40. h3
g5 41. fxg5 Kg6 42. Rb5 1-0

[Event "DEN-ch"]
[Site "Denmark"]
[Date "1988.??.??"]
[Round "1"]
[White "Hansen, Lars Bo"]
[Black "Sorensen, Torben N"]
[Result "1/2-1/2"]
[WhiteElo "2365"]
[BlackElo "2360"]
[PlyCount "70"]
[EventDate "1988.??.??"]
[EventType "tourn"]
[EventRounds "11"]
[EventCountry "DEN"]
[EventCategory "5"]
[Source "ChessBase"]
[SourceDate "1996.11.15"]

1. d4 d5 2. c4 e6 3. Nf3 c5 4. cxd5 exd5 5. g3 Nc6 6. Bg2 Nf6 7. O-O Be7 8. Be3
c4 9. Ne5 O-O 10. Nc3 h6 11. b3 cxb3 12. Qxb3 Na5 13. Qd1 Be6 14. Bd2 Rc8 15.
Qa4 Nc4 16. Nxc4 Rxc4 17. Qxa7 Qc8 18. Na4 Qc6 19. Nb2 Rc2 20. Rfc1 Rc8 21. Nd3
Bf5 22. Rab1 Qa6 23. Qxa6 bxa6 24. Be3 Ba3 25. Rxc2 Rxc2 26. Ra1 Ne4 27. Nf4
Nc3 28. Nxd5 Nxe2+ 29. Kh1 Be6 30. h4 Bb2 31. Re1 Bxd4 32. Nb4 Rc4 33. Rxe2
Rxb4 34. Bxd4 Rxd4 35. a3 Rd1+ 1/2-1/2

[Event "DEN-ch"]
[Site "Denmark"]
[Date "1988.??.??"]
[Round "5"]
[White "Hansen, Lars Bo"]
[Black "Hoi, Carsten"]
[Result "1-0"]
[WhiteElo "2365"]
[BlackElo "2405"]
[PlyCount "111"]
[EventDate "1988.??.??"]
[EventType "tourn"]
[EventRounds "11"]
[EventCountry "DEN"]
[EventCategory "5"]
[Source "ChessBase"]
[SourceDate "1996.11.15"]

1. d4 g6 2. c4 Bg7 3. e4 Nc6 4. d5 Nd4 5. Ne2 e5 6. Nxd4 exd4 7. c5 Nf6 8. Bd3
O-O 9. O-O Re8 10. Nd2 d6 11. cxd6 cxd6 12. b4 Bg4 13. f3 Bd7 14. Nc4 Bb5 15.
Na5 Qb6 16. a4 Bxd3 17. Qxd3 Rac8 18. Bd2 Nd7 19. Nc4 Rxc4 20. Qxc4 d3+ 21. Kh1
Bxa1 22. Rxa1 Ne5 23. Qc3 Qf2 24. Bh6 Qc2 25. Qd4 Rc8 26. Qe3 Nc4 27. Qxa7 Qb2
28. Rg1 Qxb4 29. Qd4 Qb2 30. Qxd3 Ne5 31. Qb5 Qxb5 32. axb5 f5 33. Ra1 fxe4 34.
fxe4 Rc4 35. h3 Rb4 36. Ra8+ Kf7 37. Rd8 Rxb5 38. Rxd6 Rb4 39. Kh2 Rxe4 40. Rb6
Rd4 41. Rxb7+ Kf6 42. Bg7+ Kf5 43. Rb5 Kf4 44. d6 Nf3+ 45. gxf3 Rd2+ 46. Kg1
Kg3 47. Be5+ Kxf3 48. Rb1 g5 49. Rf1+ Ke4 50. Bg3 h5 51. Rf2 Rd3 52. Kg2 h4 53.
Bh2 Rd1 54. Re2+ Kf5 55. Kf2 Rd3 56. Ke1 1-0

[Event "DEN-ch"]
[Site "Denmark"]
[Date "1988.??.??"]
[Round "4"]
[White "Hoi, Carsten"]
[Black "Jelling, Erik"]
[Result "1/2-1/2"]
[WhiteElo "2405"]
[BlackElo "2350"]
[PlyCount "27"]
[EventDate "1988.??.??"]
[EventType "tourn"]
[EventRounds "11"]
[EventCountry "DEN"]
[EventCategory "5"]
[Source "ChessBase"]
[SourceDate "1996.11.15"]

1. d4 d5 2. Nc3 c6 3. e4 dxe4 4. Nxe4 Nf6 5. Nxf6+ gxf6 6. Nf3 Bf5 7. Bd3 Bg6
8. Bf4 e6 9. O-O Bd6 10. Bg3 Qc7 11. c3 Nd7 12. b4 O-O-O 13. Qc2 Bxg3 14. hxg3
1/2-1/2